000 00544nam a2200169Ia 4500
008 090711s9999 xx 000 0 und d
082 _b74054
100 _aमुधोळकर रमेश
245 _aभारतीय शास्त्रज्ञ
260 _c1993
300 _a56
600 _aमुधोळकर रमेश
630 _aभारतीय शास्त्रज्ञ
700 _aमुधोळकर रमेश
730 _aभारतीय शास्त्रज्ञ
942 _cBOOK
999 _c297229
_d297229